[Event "26th Bosnjaci Open 2022"]
[Site "Bosnjaci"]
[Date "2022.01.08"]
[Round "8.13"]
[White "Lacmanovic, Stipe"]
[Black "Kovacevic, Srecko"]
[Result "1-0"]
[WhiteElo "1963"]
[BlackElo "2026"]
[Annotator "TA"]
[PlyCount "69"]
[EventDate "2022.01.03"]
[EventType "swiss"]
[EventCountry "CRO"]
[SourceTitle "playchess.com"]
[Source "ChessBase"]
[SourceQuality "1"]

{[%evp 12,69,35,40,39,33,61,23,37,0,0,1,3,-70,-19,-64,0,-45,-29,-124,105,101,90,76,166,175,294,295,370,367,859,808,810,809,800,740,886,575,1666,1663,1567,1116,29989,29990,29990,29991,29991,29987,29987,29988,29988,29989,29989,29990,29991,29990,29990,29988,29998,29999]} 1. e4 d6 2. d4 Nf6 3. Bd3 e5 4. Nf3 Nc6 5. c3 Bg4 6. d5 Ne7 7. h3 Bd7 {C44: Ponziani Opening and Scotch Gambit.} 8. Be3 g6 9. Nbd2 {White is more active.} Bg7 {[#] White has an edge.} 10. Nh2 $146 ({Predecessor:} 10. c4 Nh5 11. g3 b6 12. Qc2 O-O 13. O-O-O a6 14. Kb1 Qc8 15. Ng1 f5 16. exf5 Nxf5 {1-0 (34) Maatman,N (2394)-Vlasenko,M (2431) Chess.com INT 2020}) 10... c6 11. c4 O-O 12. g4 (12. O-O $11) 12... a6 ({But not} 12... cxd5 13. cxd5 Ne8 14. O-O $11) (12... b5 $15 13. b3 bxc4 14. bxc4 h6) 13. h4 (13. O-O $11) 13... h5 ({Much worse is} 13... cxd5 14. cxd5 Rc8 15. O-O $11) ({Black should play} 13... b5 $15 14. b3 cxd5 15. cxd5 Rc8) 14. Be2 (14. g5 $11 Ne8 15. a4) 14... hxg4 {[%cal Rc6d5]} 15. Nxg4 (15. Bg5 $1 $11) 15... cxd5 $2 {[#]} (15... Nxg4 $17 {and life is bright.} 16. Bxg4 Bxg4 17. Qxg4 f5 18. exf5 gxf5) 16. Nxf6+ $1 $16 {White leaves nothing to chance now.} Bxf6 17. cxd5 Rc8 (17... b5 $16) 18. h5 $18 Qc7 (18... gxh5 $142 19. Nc4 Rxc4 20. Bxc4 (20. Rg1+ Ng6 $16) 20... h4) 19. Nc4 b5 20. Nb6 Rb8 $2 (20... Rfd8 21. Nxc8 Rxc8) 21. Rc1 Qd8 22. Nxd7 Qxd7 23. Bg4 Qd8 24. Qf3 Bh8 25. hxg6 Nxg6 26. Qh3 {[%csl Gh1][%cal Rh3h7]} Re8 27. Qh7+ {White mates.} Kf8 28. Bh6+ Ke7 29. Bg5+ {A strong pair of Bishops.} Bf6 30. Be6 {[%csl Ge6][%cal Rh7f7]} Rf8 {[#]} 31. Bxf7 $1 {[%mdl 512]} Rxf7 32. Qxg6 Qa5+ 33. Kf1 Rbf8 34. Qf5 Bxg5 35. Qe6+ {Weighted Error Value: White=0.26 (precise) /Black=0.75} 1-0

[Event "26th Bosnjaci Open 2022"]
[Site "Bosnjaci"]
[Date "2022.01.08"]
[Round "8.14"]
[White "Dutina, Dario"]
[Black "Samblic, Silvano"]
[Result "1-0"]
[WhiteElo "2197"]
[BlackElo "1954"]
[Annotator "TA"]
[PlyCount "91"]
[EventDate "2022.01.03"]
[EventType "swiss"]
[EventCountry "CRO"]
[SourceTitle "playchess.com"]
[Source "ChessBase"]
[SourceQuality "1"]

{[%evp 10,91,68,68,64,59,54,65,72,60,51,42,33,31,54,48,40,18,75,13,60,42,36,0,0,24,80,58,48,25,51,38,56,22,10,0,15,-25,76,76,83,95,114,120,111,111,113,106,143,135,139,138,236,233,250,144,231,155,259,235,311,182,189,175,202,179,300,295,334,290,528,517,537,536,835,802,804,801,694,498,731,704,656,612]} 1. e4 d5 2. exd5 Qxd5 3. Nc3 Qd8 4. d4 Nf6 5. Nf3 Bg4 6. h3 Bxf3 {B01: Scandinavian Defence.} 7. Qxf3 c6 8. Be3 e6 {White is slightly better.} 9. Bd3 {White is more active.} Nbd7 10. O-O Bd6 11. Rfe1 {[#]} Qa5 $146 ({Predecessor:} 11... O-O 12. Ne4 Nxe4 13. Qxe4 g6 14. Bc4 Re8 15. Rad1 a5 16. a4 Nb6 17. Bb3 Nd5 {0-1 (52) Nikolova,A (2345)-Djukic,N (2515) Sarajevo 2012}) 12. Bd2 {[%cal Oc3b5]} Qb6 {[%csl LRb2,LRd4] Prevents Nb5.} 13. Ne2 O-O {[#]} (13... c5 $11) 14. g4 (14. c4 $1 $16 {[%cal Rc4c5]}) 14... e5 (14... c5 $1 $11) 15. g5 e4 $1 16. Bxe4 Nxe4 17. Qxe4 Rfe8 (17... Qxb2 $11 18. Rab1 Qa3) 18. Qf5 Nf8 19. Be3 Ng6 20. b3 (20. c4 $5 {[%cal Rc4c5]}) 20... Rad8 21. Qg4 (21. c4 $5 {[%cal Rc4c5]}) 21... Qa5 22. h4 Qd5 {Hoping for ...Re4.} 23. Nc3 {Inhibits Re4.} Qa5 {[#]} (23... Qe6 $1 $11 {keeps the balance.} 24. Qxe6 fxe6) 24. Ne4 $1 $16 {White stays focused until the end.} Bb4 25. Re2 Qd5 26. f3 Qe6 27. Qxe6 Rxe6 28. c3 Ba3 29. h5 Nh4 30. Kf2 Rde8 (30... Be7 $16 31. Rg1 Nf5) 31. Bf4 $18 Nf5 32. Rae1 (32. b4 $18) 32... b6 (32... Be7 $16 33. Rd1 Bd6) 33. Nd2 Bb2 (33... Rxe2+ $16 34. Rxe2 Rxe2+ 35. Kxe2 Bd6) 34. Rxe6 Rxe6 35. Rxe6 (35. Ne4 $142) 35... fxe6 {[%mdl 4096] Endgame KBN-KBN} 36. Ne4 Ne7 37. Bd2 Nd5 (37... Ba3 {was called for.} 38. Bf4 Nd5) 38. Ke2 b5 39. Kd3 a5 $2 (39... Kf7 {is a better defense.} 40. c4 bxc4+ 41. bxc4 Nc7) 40. c4 {White is clearly winning.} bxc4+ 41. bxc4 Nb4+ 42. Bxb4 axb4 43. Nc5 Kf7 44. Na6 e5 (44... b3 $142 45. axb3 g6 46. hxg6+ Kxg6) 45. dxe5 Bxe5 46. Nxb4 {Weighted Error Value: White=0.24 (precise) /Black=0.43} 1-0

[Event "26th Bosnjaci Open 2022"]
[Site "Bosnjaci"]
[Date "2022.01.08"]
[Round "8.15"]
[White "Sadikovic, Jasmin"]
[Black "Lazic, Emanuel"]
[Result "0-1"]
[WhiteElo "2134"]
[BlackElo "1995"]
[Annotator "TA"]
[PlyCount "116"]
[EventDate "2022.01.03"]
[EventType "swiss"]
[EventCountry "CRO"]
[SourceTitle "playchess.com"]
[Source "ChessBase"]
[SourceQuality "1"]

{[%evp 24,116,-15,-18,2,-10,-6,-22,-17,-37,-43,-129,-122,-136,-113,-153,-147,-148,-133,-137,-95,-85,-98,-87,-89,-89,-79,-97,-83,-90,-72,-95,-102,-100,-64,-106,-73,-110,-114,-123,-123,-124,-123,-124,-102,-110,-102,-102,-102,-102,-102,-116,-102,-116,-42,-116,0,0,0,8,0,0,0,-904,-770,-542,-386,-6407,-2667,-2554,-2218,-29983,-29984,-29986,-29978,-29978,-29979,-29979,-29980,-29980,-29981,-29981,-29982,-29982,-29983,-29987,-29988,-29989,-29988,-29990,-29990,-29991,-29988,-29991,-29992]} 1. e4 c5 2. Nc3 Nc6 3. g3 g6 4. Bg2 Bg7 5. d3 d6 6. f4 e6 7. Nf3 Nge7 8. O-O O-O 9. Be3 Nd4 10. Qd2 Rb8 11. Nd1 b5 12. c3 Nxf3+ 13. Bxf3 Qc7 {B25: Closed Sicilian: 3 g3, lines without early Be3.} 14. Rc1 Bb7 {[#]} 15. Qf2 $146 ({Predecessor:} 15. d4 Rfc8 16. Nf2 Nf5 17. dxc5 Nxe3 18. Qxe3 Qxc5 19. Qe2 Qb6 20. Kg2 a5 21. Nd3 {0-1 (49) Gallego Terris,R (1958)-Pascual Sauch,A (2174) Catalunya 2009}) 15... Rbc8 {The position is equal.} 16. g4 {[%cal Of4f5]} f5 17. b4 ({Better is} 17. Qe2 $15) 17... c4 $17 18. exf5 exf5 19. d4 Bxf3 20. Qxf3 fxg4 21. Qxg4 Rf5 (21... Nd5 $142 22. Bd2 Rce8) 22. Bd2 Nd5 23. Nf2 Rcf8 {[%cal Rd5f4]} (23... Bh6 {keeps more tension.} 24. Ne4 Rcf8 25. Ng5 Qb7 26. Rce1 Nf6) 24. Ne4 Nf6 25. Nxf6+ R8xf6 ({Much weaker is} 25... R5xf6 $6 26. Rce1 $11) 26. Rf2 Rf8 27. Rcf1 a5 28. a3 d5 29. Qh4 (29. Re2 $15) 29... Re8 30. Qg3 a4 31. Re1 Rxe1+ 32. Bxe1 Qe7 33. Bd2 Qe4 34. Qe3 Qxe3 {Black is much more active.} 35. Bxe3 {[%mdl 4096] Endgame KRB-KRB} Kf7 36. Kg2 Rf6 37. Bd2 Bh6 38. Kg3 Rd6 (38... Bf8 $17) 39. Re2 {[#]} (39. Rf3 $15) 39... Re6 (39... Bg7 $1 $17) 40. Rxe6 $11 Kxe6 41. f5+ $1 Kxf5 42. Bxh6 {Threatening mate with Kf3. KB-KP} Ke4 43. Kf2 $2 {[%mdl 8192] White is on the road to losing.} (43. h4 $11) 43... Kd3 $19 44. Ke1 Kxc3 {[#] ...Kb2 is the strong threat.} 45. Be3 $2 (45. Kd1 Kb2 46. Bc1+ Kb3 47. h3) 45... Kb2 (45... Kc2 $142 46. Ke2 c3) 46. Kd1 Kxa3 {( -> ...Kb2)} 47. Bd2 Kb3 {Black mates.} 48. Kc1 a3 49. Kb1 c3 50. Bc1 Kxb4 51. Ka2 Kc4 52. Kxa3 b4+ {[%cal Bb5b4,Bb4b3][%mdl 32]} 53. Ka2 b3+ 54. Kb1 Kxd4 55. Bg5 Kd3 56. Kc1 d4 {[%cal Bd5d4,Bd4d3][%mdl 32]} 57. Kb1 Ke2 58. Kc1 d3 {Weighted Error Value: White=0.46/Black=0.24 (precise)} 0-1

[Event "26th Bosnjaci Open 2022"]
[Site "Bosnjaci"]
[Date "2022.01.09"]
[Round "9.1"]
[White "Saric, Ante"]
[Black "Kovacevic, Blazimir"]
[Result "1/2-1/2"]
[WhiteElo "2530"]
[BlackElo "2399"]
[Annotator "TA"]
[PlyCount "43"]
[EventDate "2022.01.03"]
[EventType "swiss"]
[EventCountry "CRO"]
[SourceTitle "playchess.com"]
[Source "ChessBase"]
[SourceQuality "1"]

{[%evp 24,25,2,0]} 1. c4 c5 2. Nc3 Nc6 3. g3 g6 4. Bg2 Bg7 5. e3 e6 6. Nge2 Nge7 7. O-O O-O 8. d4 cxd4 9. Nxd4 Nxd4 10. exd4 d5 11. cxd5 Nxd5 12. Nxd5 exd5 13. Be3 {[#] 13.Be3 scores better than 13.Qb3.} {Predecessor:} Be6 $146 {A36: Symmetrical English vs ...g6: 4 Bg2 Bg7.} 14. Qd2 Rc8 15. Rac1 Qd7 16. Rfe1 b6 17. h4 h5 18. a3 Qa4 19. Bf3 a5 20. Kh2 Qb3 21. Bd1 Qb5 22. Be2 {½-½ (31) Gonzalez Zamora,J (2545)-Mekhitarian,K (2554) Krasnaya Polyana 2021} 1/2-1/2

[Event "26th Bosnjaci Open 2022"]
[Site "Bosnjaci"]
[Date "2022.01.09"]
[Round "9.2"]
[White "Bobanac, Miro"]
[Black "Tica, Sven"]
[Result "1/2-1/2"]
[WhiteElo "2261"]
[BlackElo "2419"]
[Annotator "TA"]
[PlyCount "96"]
[EventDate "2022.01.03"]
[EventType "swiss"]
[EventCountry "CRO"]
[SourceTitle "playchess.com"]
[Source "ChessBase"]
[SourceQuality "1"]

{[%evp 14,96,0,0,16,6,12,0,18,14,0,0,33,5,33,0,-4,0,27,8,22,26,33,29,35,-6,109,0,47,-4,-6,-8,0,0,-3,-8,37,30,37,4,80,0,0,0,0,0,0,0,23,28,200,202,245,234,231,136,249,246,251,162,180,193,185,178,169,159,172,104,168,167,149,30,75,93,95,47,51,43,51,13,16,9,20,0,0]} 1. b3 d5 2. c4 e6 3. Bb2 Nf6 4. Nf3 Be7 5. e3 O-O 6. Be2 b6 7. O-O Bb7 8. Nc3 a6 {A13: English Opening: 1...e6.} 9. Qc2 c5 10. cxd5 exd5 11. d4 Nbd7 12. Rfd1 Bd6 13. Qf5 Qe7 {[#]} 14. Rd2 $146 ({Predecessor:} 14. Qg5 h6 15. Qh4 Rac8 16. dxc5 Rxc5 17. Nd4 Nh7 18. Qxe7 Bxe7 19. Na4 Rc7 20. Nf5 {½-½ (29) Milovnik,J (2068)-Kekely,L (2070) Slovakia 2007}) 14... Rac8 15. dxc5 bxc5 16. Rad1 {[%cal Rc3d5]} Qe6 17. Bd3 g6 18. Qg5 {[%cal Oc3d5] Black must now prevent Nxd5!} Be7 19. Qf4 (19. Ne2 $14) 19... Bd6 (19... Nh5 $11 {remains equal.} 20. Qa4 Nb6) 20. Qg5 {White is more active.} (20. Qh6 $16 {Ng5 is the strong threat.} Ng4 21. Qh4) 20... Be7 $14 21. Qf4 ({White should try} 21. Ne2 $14) 21... Nh5 $11 22. Qa4 Bc6 (22... Nb6 $5 23. Qa5 c4 $11) 23. Qa5 (23. Qxa6 $2 Ra8 24. Nxd5 Rxa6 25. Nxe7+ Qxe7 $19) 23... Bd8 24. Qa3 (24. Qxa6 $2 Ra8 25. Qxc6 Qxc6 $19) 24... Bc7 (24... Re8 $11) 25. Be2 $1 $14 {[%cal Rc3d5,Bd3e2,Be2f3,Bf3g2][%mdl 32]} (25. Qxa6 Ra8 26. Qxc6 Qxc6 $17) 25... Nhf6 26. Ba1 ({Don't go for} 26. Bxa6 $2 Ra8 27. Ng5 Qe5 $19) 26... Qf5 (26... Rfe8 $11 27. Qxa6 Ra8) 27. Qb2 (27. h3 $16) 27... d4 $1 $11 28. exd4 {And now d5 would win.} Bxf3 29. Bxf3 {Strongly threatening Ne2.} Qf4 30. Kf1 {Hoping for dxc5.} Qxh2 31. g3 cxd4 (31... Rfe8 $1 $11 {and Black has nothing to worry.}) 32. Rxd4 $18 Qh3+ 33. Bg2 Qh5 34. Nd5 ({Less strong is} 34. Rxd7 Nxd7 35. Rxd7 Be5 $14) (34. g4 $1 $18 {[%cal Rg4h5]} Qh4 35. Nd5 (35. Rxd7 Nxd7 36. Rxd7 Be5 $14)) 34... Be5 (34... Nxd5 $16 35. Rxd5 Ne5) 35. Ne7+ Kg7 {[%cal Oh5d1]} 36. Nxc8 Rxc8 37. Qe2 Qxe2+ 38. Kxe2 Bxd4 39. Rxd4 Kf8 40. Bb7 (40. Kd2 $18) 40... Re8+ (40... Rb8 $16 {is a better defense.}) 41. Kf1 $1 Nc5 42. Bxa6 Ra8 {[#]} (42... Nxa6 $11 {deserves consideration.} 43. Rd6 Nb4 44. Bxf6 Nxa2) 43. Bc4 $1 $16 {Threatens to win with a4. A strong pair of Bishops.} Rxa2 {[#]} 44. Rd1 ({Better is} 44. Bc3 $1 $16 {[%cal Rc3b4] aiming for Bb4.} Nce4 45. Be1) 44... Nfe4 $14 45. Bd4 Ne6 46. Bxe6 fxe6 {The position is equal.} 47. b4 e5 48. Bc5+ Nxc5 {Black escapes into a draw.  Weighted Error Value: White=0.26 (precise) /Black=0.28 (precise)} 1/2-1/2

[Event "26th Bosnjaci Open 2022"]
[Site "Bosnjaci"]
[Date "2022.01.09"]
[Round "9.3"]
[White "Stocko, Josip"]
[Black "Tukovic, Dario"]
[Result "0-1"]
[WhiteElo "2231"]
[BlackElo "2017"]
[Annotator "TA"]
[PlyCount "36"]
[EventDate "2022.01.03"]
[EventType "swiss"]
[EventCountry "CRO"]
[SourceTitle "playchess.com"]
[Source "ChessBase"]
[SourceQuality "1"]

{[%evp 9,36,-27,-17,-54,-47,-47,-30,-30,8,2,22,-50,-46,-81,-78,-71,-79,-109,-113,-119,-107,-571,-554,-720,-713,-1112,-1108,-1050,-981]} 1. Nf3 d5 2. g3 c5 3. Bg2 Nc6 4. d3 e5 5. Nbd2 Be7 6. c4 {A08: King's Indian Attack.} d4 7. O-O Bg4 8. a3 {[%cal Ob2b4] [#] Black has an edge.} Qd7 $146 ({Predecessor:} 8... a5 9. Qa4 Bd7 10. Rb1 f5 11. Qc2 h6 12. e3 Nf6 13. exd4 exd4 14. Nh4 O-O {½-½ (22) Kiss,F (1962)-Somlyai,S (2026) Hungary 2005}) 9. Qa4 a5 10. Rb1 (10. b4 $11 cxb4 11. Qb5) 10... Nf6 $15 11. Re1 h6 12. e3 O-O 13. e4 Nh7 {Black is more active.} 14. Nf1 f5 {Threatens to win with ...fxe4.} 15. exf5 {[%mdl 8192] [#] Now White is beyond hope.} (15. Nxe5 $17 {nothing else works.} Nxe5 16. Qxd7 Nxd7 17. h3) 15... Qxf5 $19 {Black is clearly winning.} 16. Bf4 exf4 {[%cal Be5f4,Bf4g3][%mdl 32]} 17. Re4 Bxf3 18. Bxf3 fxg3 {Weighted Error Value: White=0.91/Black=0.10 (very precise)} 0-1

[Event "26th Bosnjaci Open 2022"]
[Site "Bosnjaci"]
[Date "2022.01.09"]
[Round "9.4"]
[White "Lalic, Kristijan"]
[Black "Nemec, Vjekoslav"]
[Result "1/2-1/2"]
[WhiteElo "2215"]
[BlackElo "2194"]
[Annotator "RC"]
[PlyCount "61"]
[EventDate "2022.01.03"]
[EventType "swiss"]
[EventCountry "CRO"]
[SourceTitle "playchess.com"]
[Source "ChessBase"]
[SourceQuality "1"]
[TimeControl "5400+30"]

1. e4 c5 2. a3 e6 3. b4 b6 4. Nc3 Nc6 5. bxc5 bxc5 6. Nf3 Qa5 7. Bc4 Ba6 8. Qe2 Bxc4 9. Qxc4 Nf6 10. e5 Ng8 11. O-O f6 12. Re1 fxe5 13. Nxe5 Nxe5 14. Rxe5 Nf6 15. Rg5 d5 16. Qe2 Kf7 17. Rb1 Qc7 18. Bb2 a6 19. Re1 Qc6 20. Qf3 Rb8 21. Ba1 h6 22. Rge5 Bd6 23. Rxe6 Rhe8 24. Rxe8 Rxe8 25. Rb1 Kg8 26. g3 Rf8 27. d3 Be5 28. Qe2 Re8 29. Qf3 Rf8 30. Qe2 Re8 31. Qf3 1/2-1/2

[Event "26th Bosnjaci Open 2022"]
[Site "Bosnjaci"]
[Date "2022.01.09"]
[Round "9.5"]
[White "Sipic, Hrvoje"]
[Black "Zovko, Mario"]
[Result "0-1"]
[WhiteElo "2221"]
[BlackElo "2297"]
[Annotator "TA"]
[PlyCount "50"]
[EventDate "2022.01.03"]
[EventType "swiss"]
[EventCountry "CRO"]
[SourceTitle "playchess.com"]
[Source "ChessBase"]
[SourceQuality "1"]

{[%evp 9,50,35,47,43,104,46,105,-16,15,-14,-12,-18,4,-9,-20,-159,-155,-427,-408,-462,-468,-451,-481,-471,-473,-485,-470,-468,-470,-475,-464,-583,-579,-562,-560,-580,-576,-564,-438,-447,-433,-404,-375]} 1. d4 g6 2. Bf4 Bg7 3. Nc3 d6 4. e4 c6 5. Qd2 Nd7 6. Nf3 {B06: Modern Defence.} b5 (6... e5 $14 7. Bg5 Ngf6) 7. a3 (7. e5 $16) 7... Bb7 {[#]} ({Better is} 7... Qc7 $14) 8. Bd3 $146 (8. O-O-O $16) ({Predecessor:} 8. Rd1 Nb6 9. Be2 Nf6 10. Bh6 O-O 11. Bxg7 Kxg7 12. h4 h5 13. Ng5 Nc4 14. Bxc4 bxc4 {1-0 (27) Hartwig,M (2195)-Grund,E Germany 1996}) 8... a6 9. O-O-O c5 10. dxc5 Nxc5 11. Rhe1 Rc8 {Threatens to win with ...Qa5.} 12. h4 {[#]} (12. e5 $11 {remains equal.}) 12... Qa5 $1 $17 13. e5 $2 {White does not recover from this.} (13. Kb1 $17 Bxc3 14. Qxc3 Qxc3 15. bxc3) 13... b4 $19 14. Bc4 {Hoping for Nd5.} (14. axb4 $2 {is a self mate.} Qa1+ 15. Nb1 Nb3#) 14... bxc3 15. Qxc3 Qxc3 16. bxc3 Bxf3 17. gxf3 Bxe5 18. Bxe5 dxe5 19. Rxe5 Nf6 {Prevents Rdd5.} 20. h5 Nxh5 21. Rdd5 Nd7 22. Bxa6 Nxe5 23. Bxc8 {[#]} O-O $1 {Strongly threatening ...f6.} 24. Rxe5 (24. Bg4 Nxg4) 24... Rxc8 25. Rxe7 Rxc3 {Weighted Error Value: White=0.67/Black=0.13 (very precise)} 0-1

[Event "26th Bosnjaci Open 2022"]
[Site "Bosnjaci"]
[Date "2022.01.09"]
[Round "9.6"]
[White "Zadravec, Matija"]
[Black "Kovac, Petar"]
[Result "1/2-1/2"]
[WhiteElo "2249"]
[BlackElo "2070"]
[Annotator "TA"]
[PlyCount "124"]
[EventDate "2022.01.03"]
[EventType "swiss"]
[EventCountry "CRO"]
[SourceTitle "playchess.com"]
[Source "ChessBase"]
[SourceQuality "1"]

{[%evp 9,124,0,21,7,23,-6,13,10,20,7,5,11,52,26,38,13,75,83,73,50,71,70,52,0,6,0,0,0,2,-2,0,-34,-35,-54,-81,-81,-40,-31,-67,-27,-42,-120,-92,-81,-61,-60,0,0,0,-37,0,-11,0,0,45,-17,-4,-22,0,0,0,-2,0,-7,0,0,0,0,0,0,0,-5,0,0,0,0,0,0,0,0,0,0,0,0,0,0,0,0,0,0,0,0,0,0,0,0,0,0,0,0,0,0,0,0,0,0,0,0,0,0,0,0,0,0,0,0,0]} 1. d4 d5 2. Bf4 Nf6 3. e3 c5 4. Nf3 e6 5. Nbd2 Bd6 6. Bg3 {D02: 1 d4 d5 2 Nf3 sidelines, including 2...Nf6 3 g3 and 2...Nf6 3 Bf4.} Qc7 7. Be2 Nbd7 8. c4 {[#]} Bxg3 $146 ({Predecessor:} 8... O-O 9. O-O Bxg3 10. hxg3 b6 11. Rc1 Qd6 12. cxd5 exd5 13. dxc5 bxc5 14. Qc2 Bb7 {1-0 (66) Pakleza,Z (2501)-Boidiya,S (2040) Chess.com INT 2021}) 9. hxg3 dxc4 10. Nxc4 b5 (10... b6 $11) 11. Ncd2 a6 12. a4 Rb8 (12... Bb7 $1 $11 {remains equal.}) 13. Rc1 c4 14. Qc2 Qa5 15. axb5 axb5 16. e4 (16. b3 $14 {is superior.}) 16... Bb7 $11 {...Bxe4 is the strong threat.} 17. O-O O-O 18. e5 Nd5 19. Ng5 {[%csl Gg5][%cal Rc2h7] [#]} g6 20. Bf3 Qb6 21. Qe4 h6 $36 {[%mdl 2048] White is under strong pressure.} 22. Nh3 Ne7 (22... g5 $17) 23. Qf4 Kg7 24. Bxb7 Rxb7 25. g4 (25. Qg4 $15) 25... Nd5 26. Qe4 Rc7 27. Nf4 Qb7 (27... c3 $15 28. bxc3 Nxc3) 28. Nxd5 Qxd5 29. Qf4 Rfc8 30. Rfd1 g5 31. Qe3 f6 (31... Nb6 $11 {deserves consideration.}) 32. exf6+ (32. Nf1 $14) 32... Nxf6 {The position is equal.} 33. f3 Rd8 (33... b4 $5 {[%cal Rc4c3]}) 34. Ne4 Nxe4 35. fxe4 Qd6 36. Rc2 Qf4 37. Qxf4 gxf4 {[%mdl 4096] Endgame KRR-KRR} 38. Kf2 Rcd7 39. Rcd2 b4 40. Kf3 c3 (40... e5 $5 41. d5 Rc8 $11) 41. bxc3 bxc3 42. Rc2 Rxd4 43. Rxd4 Rxd4 44. Kxf4 {KR-KR} Rd3 45. g5 h5 46. Ke5 Kg6 47. Kxe6 Kxg5 48. e5 $1 Kg6 49. Ke7 Kf5 50. e6 {[#] Black must now prevent Kf7.} Rd2 (50... Re3 $2 51. Kf7 Ke4 52. e7 $18) 51. Rxc3 {Threatens to win with Rf3+.} Rxg2 52. Rc5+ Kg4 53. Kf6 Rf2+ 54. Kg6 {White wants to mate with Rg5+.} Re2 55. Rc4+ Kg3 $1 56. Kf5 Rf2+ $1 57. Ke5 {Intending e7 and mate.} Rf8 58. Rc3+ Kg2 59. Rc7 {Strongly threatening Rh7.} h4 60. Rg7+ Kh2 61. e7 Re8 62. Kf4 h3 {Weighted Error Value: White=0.09 (flawless) /Black=0.09 (flawless)} 1/2-1/2

[Event "26th Bosnjaci Open 2022"]
[Site "Bosnjaci"]
[Date "2022.01.09"]
[Round "9.7"]
[White "Saric, Kristina"]
[Black "Dabic, Stjepan"]
[Result "1/2-1/2"]
[WhiteElo "2148"]
[BlackElo "2161"]
[Annotator "TA"]
[PlyCount "33"]
[EventDate "2022.01.03"]
[EventType "swiss"]
[EventCountry "CRO"]
[SourceTitle "playchess.com"]
[Source "ChessBase"]
[SourceQuality "1"]

{[%evp 16,17,15,-1]} 1. e4 c5 2. Nc3 d6 3. g3 Nf6 4. Bg2 g6 5. d3 Bg7 6. Nge2 O-O 7. O-O Nc6 8. h3 Rb8 $1 {8...Rb8 scores better than 8...Bd7.} 9. Be3 {[#]} {Predecessor:} Nd7 $146 {B26: Closed Sicilian: 3 g3, lines with early Be3.} 10. d4 cxd4 11. Nxd4 Nde5 12. b3 a6 13. Nce2 b5 14. f4 Nxd4 15. Nxd4 Nd7 16. Nc6 Qc7 17. Nxe7+ {½-½ (89) Fedoseev,V (2674)-Artemiev,V (2711) Chess.com INT 2020} 1/2-1/2

[Event "26th Bosnjaci Open 2022"]
[Site "Bosnjaci"]
[Date "2022.01.09"]
[Round "9.8"]
[White "Saric, Luka"]
[Black "Lacmanovic, Stipe"]
[Result "1-0"]
[WhiteElo "2176"]
[BlackElo "1963"]
[Annotator "TA"]
[PlyCount "119"]
[EventDate "2022.01.03"]
[EventType "swiss"]
[EventCountry "CRO"]
[SourceTitle "playchess.com"]
[Source "ChessBase"]
[SourceQuality "1"]

{[%evp 23,119,20,24,22,19,13,20,16,21,12,20,11,11,11,11,11,11,11,11,11,11,0,11,0,0,0,0,0,0,0,0,0,0,0,0,0,0,0,0,0,0,0,30,30,30,12,53,53,53,48,54,30,30,30,37,37,88,38,247,159,248,228,1034,835,1533,1466,2158,1985,2028,1497,29971,29971,29967,29938,29978,29979,29979,29980,29981,29976,29983,29984,29988,29984,29984,29985,29986,29987,29988,29988,29988,29989,29990,29991,29993,29991,29991,29992]} 1. Nf3 c5 2. c4 Nf6 3. b3 g6 4. g3 Bg7 5. Bb2 O-O 6. Bg2 Nc6 7. O-O d6 8. d4 cxd4 9. Nxd4 Bd7 10. Nc3 Nxd4 11. Qxd4 Bc6 12. Nd5 Bxd5 13. Bxd5 {E60: King's Indian: Unusual lines and Fianchetto Variation without Nc3.} Nh5 14. Qd2 Bxb2 15. Qxb2 {The position is equal.} Qb6 16. Rfd1 Rac8 17. Qd4 Qxd4 18. Rxd4 {[#]} b6 $146 ({Predecessor:} 18... Rc7 19. f4 Rb8 20. a4 Nf6 21. Bf3 a5 22. Kf2 Nd7 23. Ke3 Nc5 24. Rb1 Ra8 {0-1 (45) Naoum,S (2207)-Skembris,S (2458) Paleochora 2013}) 19. Re1 Rc7 20. Bf3 Nf6 21. e4 Nd7 22. Kg2 Rd8 23. e5 dxe5 24. Rxe5 Nxe5 25. Rxd8+ $11 {[%mdl 4096] Endgame KRB-KRN} Kg7 26. Be4 Rd7 27. Rxd7 Nxd7 {KB-KN} 28. Kf3 Kf6 29. Ke3 Ke5 30. f4+ Kd6 31. Kd4 a5 32. a3 e6 33. b4 f6 34. h4 e5+ (34... axb4 $11 35. axb4 e5+ 36. fxe5+ Nxe5) 35. fxe5+ $14 fxe5+ 36. Ke3 Nf6 37. Bc2 axb4 38. axb4 Ke6 39. Kf3 Nd7 {[#]} (39... Kf7 $14) 40. Be4 (40. g4 $1 $16) 40... Nf6 $2 {[#] A mistake that costs the game.} (40... Kf7 $1 $14) 41. g4 $1 $18 {[%cal Bg3g4,Bg4g5][%mdl 32]} Kd6 (41... Ne8 $16 42. h5 Nd6) 42. g5 Nd7 (42... Nh5 43. Bd5 Ng7) 43. Bd5 b5 44. Ke4 bxc4 45. Bxc4 Nf8 46. Bg8 {aiming for b5.} Ke7 47. Kxe5 {White mates.} Nd7+ 48. Kd5 Nb6+ 49. Kc6 Nc8 50. b5 Na7+ 51. Kb6 Nxb5 52. Kxb5 {KB-KPP} h6 53. Kc5 Kf8 54. Bc4 Kg7 55. Kd6 Kh7 56. Ke6 Kg7 57. Ke7 Kh8 58. Kf6 Kh7 59. Bd3 hxg5 60. hxg5 {Weighted Error Value: White=0.04 (flawless) /Black=0.33} 1-0